Statistics for Borussia Dortmund scorers in Bundesliga 2016-2017

Click here to take the quiz!

General Stats

  • This quiz has been taken 88 times
  • The average score is 8 of 14

Answer Stats

PlayerGoals% Correct
Pierre-Emerick Aubameyang31
100%
Marco Reus7
97%
Mario Götze1
67%
Ousmane Dembélé6
66%
Shinji Kagawa1
57%
Sokratis2
51%
Lukasz Piszczek5
50%
Christian Pulisic3
45%
Gonzalo Castro3
43%
Adrian Ramos2
42%
Raphaël Guerreiro6
42%
André Schürrle2
37%
Emre Mor1
29%
Sebastian Rode1
28%

Score Distribution

Percentile by Number Answered

Percent of People with Each Score

Your Score History

You have not taken this quiz